| 000 | 00599nam a22001817a 4500 | ||
|---|---|---|---|
| 003 | BUBTL | ||
| 008 | 190420b xxu||||| |||| 00| 0 eng d | ||
| 020 | _a978-984-8964-46-75 | ||
| 082 | _a891.443 / RUK | ||
| 100 |
_92278 _aRussell,Bertrand |
||
| 245 |
_aকেন আমি ধর্মবিশ্বাসী নই / _cBertrand Russell |
||
| 260 |
_aঢাকা : _bহাসি প্রকাশন, _cc2014 |
||
| 300 |
_a208 p. : _c22 cm. |
||
| 650 | 0 |
_91689 _aবাংলা সাহিত্য |
|
| 856 |
_k0 _l0 _yDownload |
||
| 942 |
_2ddc _cBK |
||
| 999 |
_c5977 _d5977 |
||